Diseño, construcción y puesta en marcha de un módulo para la medición de flujo de fluídos gaseosos en el Laboratorio de la Escuela de Ingeniería Química
Kaydedildi:
| Yazar: | |
|---|---|
| Materyal Türü: | Kitap |
| Baskı/Yayın Bilgisi: |
San José, C.R.
2002
|
| Konular: | |
| Etiketler: |
Etiketle
Etiket eklenmemiş, İlk siz ekleyin!
|
MARC
| LEADER | 00000nam a2200000Ia 4500 | ||
|---|---|---|---|
| 003 | 009004 | ||
| 005 | 20221231144152.0 | ||
| 008 | 140114s2002 cr a m 000 ||s d | ||
| 040 | |c cru CEDI | ||
| 090 | |a TFG 4565 | ||
| 100 | |a Rojas Bustamante, Cynthia |9 7223 | ||
| 245 | |a Diseño, construcción y puesta en marcha de un módulo para la medición de flujo de fluídos gaseosos en el Laboratorio de la Escuela de Ingeniería Química | ||
| 260 | |c 2002 |a San José, C.R. | ||
| 300 | |a xiii, 121 hojas : ilustraciones a color | ||
| 500 | |a Proyecto de graduación (licenciatura en ingeniería química)--Universidad de Costa Rica. Facultad de Ingeniería. Escuela de Ingeniería Química | ||
| 650 | |x UNIVERSIDAD DE COSTA RICA. FACULTAD DE INGENIERIA. ESCUELA DE INGENIERIA QUIMICA. LABORATORIO |x MEDIDOR DE FLUJOS |x DISEÑO Y CONSTRUCCION |x GASES |x FLUJO |x MEDICIONES |x APARATOS Y ACCESORIOS |x EXPERIMENTOS |9 7224 | ||
| 942 | |c TFG | ||
| 999 | |c 17878 |d 17878 | ||
